| 000 | 00401nam a22001697a 4500 | ||
|---|---|---|---|
| 003 | OSt | ||
| 005 | 20211206114733.0 | ||
| 008 | 211206b |||||||| |||| 00| 0 eng d | ||
| 020 | _a9780390654120 | ||
| 040 | _cHU | ||
| 082 | _a363.72STE2009 | ||
| 100 |
_aSTEEL EHLERS- _921795 |
||
| 245 | _aMunicipal and rural saniatation | ||
| 260 | _c2009 | ||
| 300 |
_aiv667P _bPC _c24CM |
||
| 942 |
_2ddc _cBOOKS _n0 |
||
| 999 |
_c21485 _d21485 |
||